AH International Schools' Libraries

500 Hot and Spicy recipes / (Record no. 47745)

MARC details
000 -LEADER
fixed length control field 00296nam a2200109 4500
020 ## - INTERNATIONAL STANDARD BOOK NUMBER
International Standard Book Number 9781782142324
245 ## - TITLE STATEMENT
Title 500 Hot and Spicy recipes /
Statement of responsibility, etc Edited by Beverly Jollands.
260 ## - PUBLICATION, DISTRIBUTION, ETC. (IMPRINT)
Place of publication, distribution, etc London:
Name of publisher, distributor, etc Hermes House;
Date of publication, distribution, etc 2015.
300 ## - PHYSICAL DESCRIPTION
Other physical details col. ill.
650 ## - SUBJECT ADDED ENTRY--TOPICAL TERM
Topical term or geographic name as entry element Cookbooks.
9 (RLIN) 85575
942 ## - ADDED ENTRY ELEMENTS (KOHA)
Source of classification or shelving scheme
Koha item type NON FIC SECTION
Holdings
Withdrawn status Lost status Source of classification or shelving scheme Damaged status Not for loan Collection code Home library Current library Date acquired Total Checkouts Full call number Barcode Date last seen Date checked out Price effective from Koha item type
          Non-Fiction Asian Hope Secondary Library Asian Hope Secondary Library 11/04/2024 4 641.5 JOL 206639 01/16/2026 10/03/2025 11/04/2024 NON FIC SECTION

For any Logos Library related questions please contact Miss Art at swongnarasuk@asianhope.org.

For any Asian Hope Library related questions please contact Miss Raza at graza@asianhope.org.

Powered by Koha